Axis Control Map 1942 Quiz Stats

 Plays Quiz not verified by Sporcle

Challenge
Share
Tweet
Score 0/30 Timer 10:00
0 Plays Today
Country % Correct
RomaniaAxis
93.2%
CzechoslovakiaAxis
93.1%
FinlandAxis
93.1%
GermanyAxis
92.8%
HungaryAxis
92.8%
ItalyAxis
92.8%
AustriaAxis
92.6%
NorwayOccupied
92.6%
BulgariaAxis
92.5%
SpainNeutral
92.5%
SwedenNeutral
92.5%
LuxembourgOccupied
92.3%
PolandOccupied
92.3%
Libya (It.)Axis
92.2%
IrelandNeutral
92.2%
Country % Correct
SwitzerlandNeutral
92.2%
BelgiumOccupied
92.2%
GreeceOccupied
92.2%
Tunisia (Fr.)Occupied
92.2%
PortugalNeutral
92%
Algeria (Fr.)Occupied
92%
FranceOccupied
92%
French MoroccoOccupied
91.6%
YugoslaviaOccupied
91.6%
AlbaniaOccupied
91.5%
DenmarkOccupied
91.5%
USSR (partial)Occupied
91.5%
Spanish MoroccoNeutral
91.2%
Egypt (partial)Occupied
91.2%
HollandOccupied
91.2%

You're not logged in!

Compare scores with friends on all Sporcle quizzes.
Join for Free
OR
Log In

You Might Also Like...

Show Comments

Extras

Top Quizzes Today


Score Distribution

Your Account Isn't Verified!

In order to create a playlist on Sporcle, you need to verify the email address you used during registration. Go to your Sporcle Settings to finish the process.

Report this User

Report this user for behavior that violates our Community Guidelines.

Details: